US geography A-Z - Statistics

General Stats
  • This quiz has been taken 86 times
  • The average score is 21 of 26
Answer Stats
Questions Answer % Correct
C) The windy city Chicago
99%
L) 2nd biggest city in the US, Hollywood, celebrities Los Angeles
99%
N) Las Vegas, Reno, Carson City Nevada
99%
W) The capital of the United States Washington DC
99%
O) Fly into this city to get to Disney World Orlando
97%
Q) Largest borough of New York City Queens
96%
T) The Lone Star state Texas
96%
V) New England state known for its maplesyrup and skiing Vermont
96%
D) The mile high city Denver
95%
S) Space Needle, Mariners, Starbucks Seattle
94%
K) the 34th state Kansas
91%
P) The Steel City Pittsburgh
91%
B) Fenway Park, American Revolution,TD Garden, Logan Airport Boston
90%
R) Capital of Virginia Richmond
90%
J) Large city in the northeast corner of Florida Jacksonville
89%
U) First name of General Grant Ulysses
87%
E) Remote, swampy section of South Florida Everglades
84%
H) Capital of Pennsylvania Harrisburg
82%
A) Breaking Bad took place in this city Albuquerque
81%
F) Neighbor of Dallas Fort Worth
78%
M) Biggest city in Wisconsin Milwaukee
78%
G) Home to the University of Florida Gainesville
54%
Y) Southern Arizona town on the Colorado river Yuma
51%
I) Dallas suburb city known for its art culture Irving
43%
X) The only town that starts with an X in the US Xenia
32%
Z) Central Florida town north of Tampa Zephyrhills
16%
No matching quizzes found
Score Distribution
Percent of People with Each Score
Percentile by Number Answered
Your Score History
You have not taken this quiz